000 00612nam a2200217Ii 4500
003 JO-AjNU
008 230606s9999||||xx |||||||||||||| ||und||
020 _a81-8356-049-0
040 _aJO-AjNU
_beng
_erda
_cJO-AjNU
041 _aeng
050 1 4 _aBF311.2010
100 3 _aJulka,Anita,
_eauthor
_9114
245 0 0 _aCognitive Architecture in Visually Impaired
250 _a1 ed
264 3 1 _aNew Delhi:Discovery Publishing House,2010
300 _a149p
336 _atext
_btxt
_2rdacontent
337 _aunmediated
_bn
_2rdamedia
338 _avolume
_bnc
_2rdacarrier
650 4 _aCognitive Architecture
_9115
999 _aE61
_c61
_d61